Manual del mètode de descripció del sistema AIDA / [autors Gemma Bayó ... [et al.] ; coordinació: Ferran Agelet] Ferran Agelet]
ISBN:
84-7609-550-3
Descripción Física:
167 p. ; 21 cm
Colección:
Conèixer Barcelona
MARC
| LEADER | 00000nam a2200000Ia 4500 | ||
|---|---|---|---|
| 001 | 23259 | ||
| 008 | 160829s2003 xx 000 0 cat d | ||
| 020 | |a 84-7609-550-3 | ||
| 080 | |a A-3-21 | ||
| 245 | |a Manual del mètode de descripció del sistema AIDA / [autors Gemma Bayó ... [et al.] ; coordinació: |b Ferran Agelet] | ||
| 260 | |a Barcelona : |b Ajuntament de Barcelona. Arxiu Municipal, |c 2003 | ||
| 300 | |a 167 p. ; |c 21 cm | ||
| 490 | |a Conèixer Barcelona | ||
| 610 | 2 | 0 | |a Arxiu Municipal de Barcelona |9 55021 |
| 650 | |a Catalogació de materials d'arxiu |x Normes |9 46551 | ||
| 655 | 0 | |9 52956 |a Manuals, vademècums, etc. | |
| 700 | |a Bayó, Gemma |9 46552 | ||
| 700 | 1 | |a Agelet, Ferran |9 46553 | |
| 710 | 2 | |a Arxiu Municipal de Barcelona |9 55021 | |
| 901 | |a Arxiu | ||
| 942 | |n 1 |2 udc | ||
| 952 | |0 0 |1 0 |4 0 |6 A321 |7 1 |9 53269 |a Arxiu |b Arxiu |d 2011-09-16 |l 0 |o A-3-21 |p 23259 |r 2016-12-01 00:00:00 |w 2016-12-01 |y ARXIU | ||
| 952 | |0 0 |1 0 |4 0 |6 PDL |7 1 |9 63832 |a Arxiu |b Arxiu |d 2022-09-07 |l 0 |o PDL |p 26742 |r 2022-09-07 00:00:00 |w 2022-09-07 |y ARXIU | ||
| 999 | |c 57133 |d 57133 | ||